Tribal culture: (Record no. 81218)

MARC details
000 -LEADER
fixed length control field 00588nam a22001937a 4500
005 - DATE AND TIME OF LATEST TRANSACTION
control field 20131218112540.0
010 ## - LCCN (DPL NO)
LC control number ENG-108863
020 ## - INTERNATIONAL STANDARD BOOK NUMBER
International Standard Book Number 9789383158027
Terms of availability 895.00
035 ## - SYSTEM CONTROL NUMBER
System control number EN-92396
037 ## - SOURCE OF ACQUISITION
Source of stock number/acquisition DBAD/PUB
082 ## - DEWEY DECIMAL CLASSIFICATION NUMBER
Classification number 305.800954133
100 ## - MAIN ENTRY--PERSONAL NAME
Personal name Pasayat, Chitrasen
245 ## - TITLE STATEMENT
Title Tribal culture:
Statement of responsibility, etc by Chitrasen Pasayat
Remainder of title history and society /
260 ## - PUBLICATION, DISTRIBUTION, ETC. (IMPRINT)
Place of publication, distribution, etc New Delhi
Name of publisher, distributor, etc S.K. Book Agency
Date of publication, distribution, etc 2013
270 ## - ADDRESS
Address 5A/12, Ansari Road Daryaganj
City New Delhi
Postal code 110002
300 ## - PHYSICAL DESCRIPTION
Extent x,220p.
Dimensions 22cm(Hb)
500 ## - GENERAL NOTE
General note Includes index
942 ## - ADDED ENTRY ELEMENTS (KOHA)
Source of classification or shelving scheme Dewey Decimal Classification
Item type English Books
Call number suffix PAS
Classification part 305.800954133
Holdings
Withdrawn status Lost status Not for loan Collection code Home library Current library Date acquired Source of acquisition Cost, normal purchase price Full call number Barcode Copy number Cost, replacement price Koha item type
    Not For Loan Non-fiction D.B.Act.Division D.B.Act.Division 17/12/2013 DBAD/PUB 895.00 305.800954133 PAS EN-92396 1 895.00 English Books

© Delhi Public Library
Hit Counter
free hit counter